1105 1216 1043 1822 1888 1744 1994 1432 1720 1114 1797 1591 1184 1288 1528 1568 1316 1165 1884 1035 1485 1576 1358 1353 1067 1756 1545 1466 1256 1191 1503 1417 1543 1179 1570 1198 1993 1532 1782 1429 1352 1712 1533 1627 1933 1573 1577 1254 1573 1548 1647 1196 1520 1991 1613 1150 1605 1864 1040 1927 1307 1407 1490 1005 1094 1205 1299 1381 1130 1120 1791 1710 1132 1533 1062 1144 1959 1255 1213 1512 1814 1050 1119 1931 1803 1994 1321 1990 1275 1625 1982 1708 1322 1389 1223 1844 1618 1149 1325 BCNSPRNW ULIB Ver.6.0+V

เปลี่ยนเป็นภาษาไทย

Change to English
 แสดงรายละเอียดบรรณานุกรม
  กลับหน้าหลัก

Brief Record : Get Marc (ISO 2709) : E-mail record : QR code < ปิดหน้าต่าง
LEADER : 00000nam 2200000uu 4500
001    13399127166
003     ULIB
008    191018s2561||||th 000 0 tha d
020 ^- ^a9786160034796
050 ^- ^aนว.^bณ149ห
100 ^- ^aณพรรษธ์สรฌ์.
245 10 ^aหวานร้ายละลายรัก /^cณพรรษธ์สรฌ์.
250 ^- ^aพิมพ์ครั้งที่ 1.
260 ^- ^aกรุงเทพฯ :^bบริษัทสถาพรบุ๊คส์ จำกัด,^c2561
300 ^- ^a327 หน้า.
945    ^p230^l0^i006352
999    ^aประนอม เกษจรัล
รายการนี้ยังไม่มีแท็ก
คุณยังไม่ได้ล็อกอิน คุณสามารถมีกิจกรรมร่วมกับเว็บไซต์ได้ แต่ต้องล็อกอินก่อน ::
  ล็อกอิน

รายการสื่อสารสนเทศ

ลำดับที่ ประเภท เลขเรียก/บาร์โค้ด สถานที่ สถานะ
1. นวนิยาย
นวนิยาย
นว. ณ149ห ฉ.1 
  Barcode: 006352
ห้องสมุดวิทยาเขตนครสวรรค์
►นวนิยาย:l:Fiction
บนชั้น

รายการใกล้เคียง
    ผู้แต่ง [ณพรรษธ์สรฌ์.]

BibComment


ยังไม่เคยถูกคอมเมนท์

คอมเมนท์ทรัพยากรรายการนี้
  คอมเมนท์: หวานร้ายละลายรัก..


 Copyright 2026. Bcnsprnw @Library